00437nam a2200181 a 4500001001300000003000900013005001700022008004100039020001000080082001300090100002000103245003200123260002300155300000900178500003500187505001300222700002000235nice12345678IN_TiNIC20260116011843.0050524s1992 lona grp 000 0 eng  ac10000a201bMAR aMartin, Cecil H aAllnutt of Delhib a Memoir aLondonbSpckc1992 a168p aincludes index and biblioraphy2 aappendix1 aMartin, Cecil H